Statistics for Københavns Stationer 2025 (map quiz)

Click here to take the quiz!

General Stats

  • This quiz has been taken 42 times
  • The average score is 130 of 161

Answers on the Map

Answers color-coded by a green-red scale on the quiz's map according to % correct below.
 

Answer Stats

TypeStation% Correct
S-togAllerød
91%
MetroChristianshavn
91%
S-togDybbølsbro
91%
S-togFarum
91%
S-togFrederikssund
91%
S-tog/ MetroKøbenhavn H
91%
MetroKøbenhavns Lufthavn
91%
MetroKongens Nytorv
91%
S-tog/ MetroNordhavn
91%
S-tog/ MetroNørreport
91%
S-tog/ MetroØsterport
91%
MetroVestamager
91%
S-togAlbertslund
86%
S-togBagsværd
86%
S-togBallerup
86%
S-togBrøndby Strand
86%
S-togDanshøj
86%
MetroDR byen
86%
MetroFrederiksberg
86%
Regional togHelsingør
86%
S-togHillerød
86%
S-togHøje Taastrup
86%
S-togHolte
86%
S-tog/ MetroKøbenhavn Syd
86%
S-tog/ LetbaneLyngby
86%
Regional togNivå
86%
S-tog/ MetroNørrebro
86%
MetroØrestad
86%
MetroØresund
86%
MetroOrientkaj
86%
Regional togRoskilde
86%
S-togSjælør
86%
S-togSorgenfri
86%
S-togSydhavn
86%
S-togTaastrup
86%
Regional togTårnby
86%
S-tog/ MetroVanløse
86%
S-togVesterport
86%
S-togÅlholm
82%
MetroAmagerbro
82%
MetroAmager Strand
82%
S-togÅmarken
82%
S-togAvedøre
82%
MetroBella Center
82%
S-togBirkerød
82%
S-togBispebjerg
82%
S-tog/ LetbaneBuddinge
82%
S-togCarlsberg
82%
S-togCharlottenlund
82%
S-togDyssegård
82%
S-togEgedal
82%
S-togEmdrup
82%
Regional togEspergærde
82%
MetroFasanvej
82%
MetroFemøren
82%
S-tog/ MetroFlintholm
82%
MetroForum
82%
S-togFriheden
82%
S-togFuglebakken
82%
MetroGammel Strand
82%
S-togGentofte
82%
S-tog/ LetbaneGlostrup
82%
S-togGreve
82%
S-togGrøndal
82%
S-togHellerup
82%
S-tog/ LetbaneHerlev
82%
Regional togHumlebæk
82%
S-togHundige
82%
S-togHusum
82%
S-togHvidovre
82%
S-tog/ LetbaneIshøj
82%
MetroIslands Brygge
82%
S-togJægersborg
82%
S-togJersie
82%
MetroKastrup
82%
S-togKB Hallen
82%
S-togKlampenborg
82%
S-togKøge
82%
S-togKøge Nord
82%
MetroLergravsparken
82%
MetroLindevang
82%
S-togMalmparken
82%
MetroNørrebros Runddel
82%
S-togØlby
82%
S-togØlstykke
82%
S-togOrdrup
82%
S-togPeter Bangs Vej
82%
MetroRådhuspladsen
82%
S-togRødovre
82%
Regional togRungsted Kyst
82%
S-togRyparken
82%
S-togSolrød Strand
82%
S-togStengården
82%
S-togStenløse
82%
MetroSundby
82%
S-togSvanemøllen
82%
MetroTrianglen
82%
S-togVærløse
82%
S-togValby
82%
S-togVeksø
82%
S-togVirum
82%
MetroAksel Møllers Have
77%
S-togBernstorffsvej
77%
Regional togBorup
77%
S-togBrøndbyøster
77%
MetroEnghave Brygge
77%
MetroEnghave Plads
77%
MetroFrederiksberg Allé
77%
S-togHareskov
77%
Regional togHedehusene
77%
S-togIslev
77%
S-togJyllingevej
77%
S-togKarlslunde
77%
S-togKildebakke
77%
S-togKildedal
77%
Regional togKokkedal
77%
S-togLanggade
77%
LetbaneLundtofte
77%
S-togMåløv
77%
MetroMarmorkirken
77%
MetroNuuks Plads
77%
MetroSkjolds Plads
77%
Regional togSkodsborg
77%
S-togSkovbrynet
77%
S-togSkovlunde
77%
Regional togSnekkersten
77%
Regional togTrekroner
77%
S-tog/ LetbaneVallensbæk
77%
S-togVangede
77%
Regional togViby Sjælland
77%
S-togVigerslev Allé
77%
LetbaneAnker Engelunds Vej
73%
LetbaneDynamovej
73%
S-togFavrholm
73%
LetbaneGammelmosevej
73%
LetbaneGladsaxe Trafikplads
73%
LetbaneGlostrup Ejby
73%
LetbaneGlostrup Hospital
73%
MetroHavneholmen
73%
LetbaneHerlev Bymidte
73%
LetbaneHerlev Hospital
73%
LetbaneHerlev Syd
73%
S-togHøvelte
73%
LetbaneKirkebjerg
73%
LetbaneLyngby Centrum
73%
MetroMozarts Plads
73%
MetroPoul Henningsens Plads
73%
LetbaneRødovre Nord
73%
MetroSluseholmen
73%
Regional togVedbæk
73%
MetroVibenshus Runddel
73%
S-togVinge
73%
LetbaneAkademivej
68%
LetbaneBrøndbyvester
68%
LetbaneDelta Park
68%
LetbaneFortunbyen
68%
LetbaneGladsaxe Rådhus
68%
LetbaneGlostrup Nord
68%
LetbaneIshøj Strand
68%
LetbaneRævehøjvej
68%
LetbaneStrandhaven
68%

Score Distribution

Percentile by Number Answered

Percent of People with Each Score

Your Score History

You have not taken this quiz